000 00605nam a22002057a 4500
999 _c2750
_d2750
003 OSt
005 20190918095702.0
008 151130b xxu||||| |||| 00| 0 eng d
020 _a0321601106
040 _c040a
082 _a005.74
_bCON 2010
100 _aConnolly, Thomas M.; Begg, Carolyn
_96394
245 _aDatabase systems :
_ba practical approach to design, implementation and management
250 _a5th.ed
260 _aBoston
_bPearson education international
_c2010
300 _aii, 1292p;
_bill :
_c12 cm.
504 _aincludes index
650 _aDatabases
_95606
942 _2ddc
_cSLOAN